[Event "Udaipur Holi Cup 6th"]
[Site "Udaipur"]
[Date "2024.04.03"]
[Round "7"]
[White "Narayan, Iyengar"]
[Black "Kumar, Gaurav"]
[Result "1/2-1/2"]
[WhiteElo "1844"]
[BlackElo "2049"]
[PlyCount "88"]
[EventDate "2024.03.31"]
[EventType "swiss"]
[EventRounds "9"]
[EventCountry "IND"]
[SourceTitle "CBM 219 Extra"]
[Source "ChessBase"]
[SourceDate "2024.05.31"]
[SourceVersion "1"]
[SourceVersionDate "2024.05.31"]
[SourceQuality "1"]

1. e4 c5 2. Nf3 Nc6 3. d4 cxd4 4. Nxd4 Nf6 5. Nc3 e5 6. Ndb5 d6 7. Bg5 a6 8. Na3 b5 9. Nd5 Be7 10. Bxf6 Bxf6 11. c3 Bg5 12. Nc2 Rb8 13. Be2 0-0 14. 0-0 a5 15. Nce3 Kh8 16. Bg4 g6 17. Bxc8 Qxc8 18. Qd3 f5 19. f3 f4 20. Nc2 Bd8 21. Rfd1 g5 22. b4 g4 23. Kh1 Rg8 24. bxa5 Nxa5 25. Rab1 Nc4 26. a4 gxf3 27. gxf3 Qh3 28. Qe2 Rb7 29. axb5 Rbg7 30. Rg1 Nd2 31. Rxg7 Rxg7 32. Rg1 Rxg1+ 33. Kxg1 Nxf3+ 34. Kh1 Ng5 35. Ne1 f3 36. Qf2 Qg4 37. Ne3 Qxe4 38. h4 Ne6 39. N3c2 Nf4 40. Qxf3 Qxf3+ 41. Nxf3 Bb6 42. Kh2 Kg7 43. c4 Kf6 44. Kg3 h6 1/2-1/2